[Event "AUT-chT 2223"]
[Site "Austria"]
[Date "2023.04.13"]
[Round "9.5"]
[White "Nagy, Gabor"]
[Black "Devine, Christopher"]
[Result "1-0"]
[WhiteElo "2482"]
[BlackElo "2107"]
[PlyCount "117"]
[EventDate "2022.11.03"]
[EventType "team-tourn"]
[EventRounds "11"]
[EventCountry "AUT"]
[SourceTitle "EXT 2024"]
[Source "ChessBase"]
[SourceDate "2023.10.10"]
[SourceVersion "1"]
[SourceVersionDate "2023.10.10"]
[SourceQuality "1"]
[WhiteTeam "Fuerstenfeld/Hartberg"]
[BlackTeam "Tschaturanga"]
[WhiteTeamCountry "AUT"]
[BlackTeamCountry "AUT"]

1. c4 Nf6 2. Nc3 g6 3. g3 Bg7 4. Bg2 c5 5. Nf3 0-0 6. 0-0 Nc6 7. d4 cxd4 8. Nxd4 d6 9. e3 Bd7 10. b3 Qc8 11. Re1 Bh3 12. Bh1 Re8 13. Bb2 Ne5 14. Qe2 Nfd7 15. Rac1 Nc5 16. Red1 h5 17. Nd5 h4 18. b4 Na4 19. Ba1 hxg3 20. hxg3 Nb6 21. c5 Nxd5 22. Bxd5 dxc5 23. Rxc5 Qg4 24. Nf3 Nxf3+ 25. Qxf3 Qxf3 26. Bxf3 Bxa1 27. Rxa1 Rab8 28. Rc7 Bc8 29. Rd1 a6 30. a4 Kf8 31. b5 axb5 32. axb5 Kg7 33. Ra1 b6 34. Bc6 Rd8 35. Rxe7 Be6 36. e4 Kf6 37. Rb7 Rxb7 38. Bxb7 Bc4 39. Bc6 Ke5 40. f4+ Kd4 41. Rd1+ Bd3 42. Kf2 Rh8 43. g4 Rh2+ 44. Kg3 Rb2 45. e5 Ke3 46. Re1+ Kd4 47. e6 fxe6 48. Rxe6 Bxb5 49. Bxb5 Rxb5 50. Rxg6 Rb1 51. Kh4 b5 52. Rb6 b4 53. f5 Ke5 54. Kg5 b3 55. Rb5+ Kd6 56. Kg6 b2 57. g5 Kc6 58. Rb3 Kc5 59. f6 1-0

[Event "AUT-chT2O 2223"]
[Site "Austria"]
[Date "2022.11.19"]
[Round "3.4"]
[White "Weissenbeck, Manuel"]
[Black "Devine, Christopher"]
[Result "0-1"]
[WhiteElo "2273"]
[BlackElo "2098"]
[PlyCount "99"]
[EventDate "2022.10.15"]
[EventType "team-tourn"]
[EventRounds "11"]
[EventCountry "AUT"]
[SourceTitle "CBM 213 Extra"]
[Source "ChessBase"]
[SourceDate "2023.05.31"]
[SourceVersion "1"]
[SourceVersionDate "2023.05.31"]
[SourceQuality "1"]
[WhiteTeam "Pressbaum"]
[BlackTeam "Tschaturanga"]
[WhiteTeamCountry "AUT"]
[BlackTeamCountry "AUT"]

1. d4 Nf6 2. Nf3 g6 3. c4 Bg7 4. Nc3 0-0 5. e4 d6 6. Be2 e5 7. 0-0 Nc6 8. d5 Ne7 9. b4 Ne8 10. Qb3 h6 11. c5 f5 12. Bb2 f4 13. Nb5 Kh8 14. Rac1 g5 15. Rfd1 Ng6 16. cxd6 cxd6 17. Ne1 g4 18. Rc2 a6 19. Na3 Nf6 20. f3 g3 21. h3 Nh7 22. Bf1 Ng5 23. Nc4 Nh4 24. a4 b5 25. axb5 axb5 26. Na5 Bd7 27. Nc6 Qb6+ 28. Kh1 Bf6 29. Qd3 Bd8 30. Nxe5 dxe5 31. Bxe5+ Kg8 32. Bd4 Qg6 33. Qb3 Nf7 34. Nd3 Ng5 35. Ne5 Qe8 36. Nxd7 Qxd7 37. e5 Nf5 38. Bc5 Re8 39. Re1 Bf6 40. d6+ Kh8 41. Qc3 Bg7 42. Qd3 Rxe5 43. Rxe5 Bxe5 44. Qd5 Re8 45. Re2 Nf7 46. Kg1 Kg7 47. Re4 N5xd6 48. Rxe5 Rxe5 49. Bd4 Kf6 50. Bxb5 0-1

[Event "AUT-chT2O 2223"]
[Site "Austria"]
[Date "2022.10.16"]
[Round "2.4"]
[White "Devine, Christopher"]
[Black "Schulz, Joachim"]
[Result "1-0"]
[WhiteElo "2098"]
[BlackElo "2242"]
[PlyCount "61"]
[EventDate "2022.10.15"]
[EventType "team-tourn"]
[EventRounds "11"]
[EventCountry "AUT"]
[SourceTitle "EXT 2024"]
[Source "ChessBase"]
[SourceDate "2023.10.10"]
[SourceVersion "1"]
[SourceVersionDate "2023.10.10"]
[SourceQuality "1"]
[WhiteTeam "Tschaturanga"]
[BlackTeam "Kottingbrunn"]
[WhiteTeamCountry "AUT"]
[BlackTeamCountry "AUT"]

1. d4 Nf6 2. Nf3 e6 3. g3 b5 4. Bg2 Bb7 5. a4 b4 6. a5 c5 7. c3 bxc3 8. bxc3 Na6 9. 0-0 Be7 10. Re1 0-0 11. Nbd2 cxd4 12. cxd4 Bb4 13. Ba3 Rb8 14. Bxb4 Nxb4 15. Nb3 Be4 16. Nc5 Bc2 17. Qd2 Bg6 18. Nh4 d6 19. Nxg6 dxc5 20. Nxf8 Qxd4 21. Qxd4 cxd4 22. Nxe6 fxe6 23. Reb1 e5 24. Ra4 Nc6 25. Rxb8+ Nxb8 26. Rc4 Nbd7 27. Rc7 a6 28. Rc6 Kf7 29. Rxa6 Ke7 30. Rc6 Nb8 31. a6 1-0

[Event "AUT-chT2O 2223"]
[Site "Austria"]
[Date "2022.10.15"]
[Round "1.3"]
[White "Devine, Christopher"]
[Black "Petran, Peter"]
[Result "0-1"]
[WhiteElo "2098"]
[BlackElo "2228"]
[PlyCount "130"]
[EventDate "2022.10.15"]
[EventType "team-tourn"]
[EventRounds "11"]
[EventCountry "AUT"]
[SourceTitle "EXT 2024"]
[Source "ChessBase"]
[SourceDate "2023.10.10"]
[SourceVersion "1"]
[SourceVersionDate "2023.10.10"]
[SourceQuality "1"]
[WhiteTeam "Tschaturanga"]
[BlackTeam "Mattersburg"]
[WhiteTeamCountry "AUT"]
[BlackTeamCountry "AUT"]

1. d4 g6 2. Nf3 Bg7 3. g3 d6 4. Bg2 f5 5. 0-0 c6 6. c4 Nh6 7. Nc3 0-0 8. e4 Nf7 9. d5 e5 10. dxe6 Bxe6 11. exf5 Bxf5 12. Nd4 Bd7 13. b3 Na6 14. Bb2 Nc5 15. Qd2 a5 16. Nce2 Re8 17. Nf4 a4 18. Nde2 axb3 19. Bxg7 Kxg7 20. Qc3+ Qf6 21. axb3 Rxa1 22. Rxa1 Qxc3 23. Nxc3 Nxb3 24. Rd1 Ra8 25. Ne4 Ra1 26. Rxa1 Nxa1 27. h4 Nb3 28. Kf1 Bf5 29. Ke1 Bxe4 30. Bxe4 Nc5 31. Bf3 Kf6 32. Kd2 Ne5 33. Be2 Ne4+ 34. Ke3 Nc3 35. Bf1 Nd1+ 36. Ke2 Nb2 37. Ke3 Nbxc4+ 38. Kd4 Nd2 39. Bh3 Nb3+ 40. Ke3 Nc5 41. Ne2 Ne6 42. f4 Nc4+ 43. Kd3 d5 44. g4 h6 45. g5+ hxg5 46. hxg5+ Ke7 47. Bxe6 Kxe6 48. Nd4+ Ke7 49. Nf3 c5 50. Nh4 Kf7 51. Nf3 b5 52. Nh4 Nb6 53. Nf3 Nd7 54. Nh4 Nf8 55. Nf3 Ke6 56. Nh4 b4 57. Kc2 c4 58. Kc1 d4 59. f5+ gxf5 60. g6 Nxg6 61. Nxg6 Kd5 62. Ne7+ Ke4 63. Nc6 b3 64. Na5 Kd3 65. Nc6 c3 0-1

[Event "AUT-chT2O 2122"]
[Site "Austria"]
[Date "2022.02.26"]
[Round "6.6"]
[White "Devine, Christopher"]
[Black "Prager, Manfred"]
[Result "1/2-1/2"]
[WhiteElo "2073"]
[BlackElo "1896"]
[PlyCount "172"]
[EventDate "2021.10.16"]
[EventType "team-tourn"]
[EventRounds "11"]
[EventCountry "AUT"]
[SourceTitle "EXT 2023"]
[Source "ChessBase"]
[SourceDate "2022.10.05"]
[SourceVersion "1"]
[SourceVersionDate "2022.10.05"]
[SourceQuality "1"]
[WhiteTeam "Tschaturanga"]
[BlackTeam "Hietzing"]
[WhiteTeamCountry "AUT"]
[BlackTeamCountry "AUT"]

1. d4 Nf6 2. Nf3 d5 3. g3 g6 4. Bg2 Bg7 5. 0-0 0-0 6. c4 c6 7. Nc3 Nbd7 8. cxd5 cxd5 9. Bf4 a6 10. Ne5 e6 11. b4 Nh5 12. a4 Nxf4 13. gxf4 Qh4 14. e3 Nxe5 15. fxe5 Bd7 16. Qb3 Rac8 17. Rac1 Rc4 18. b5 Rfc8 19. Na2 Qd8 20. Rxc4 Rxc4 21. Rc1 Rxc1+ 22. Nxc1 axb5 23. axb5 Qa5 24. Bf1 Bf8 25. Kg2 Be7 26. Qa2 Qb6 27. Qa4 Qc7 28. Nd3 Kg7 29. Qb3 Qb6 30. Nb2 Qa5 31. Na4 Bb4 32. Nc5 Bc8 33. Qa4 b6 34. Qxa5 Bxa5 35. Na6 Kf8 36. Nb8 Ke8 37. Bd3 Bc3 38. h4 h5 39. Kf1 Bb7 40. Bc2 Bb4 41. Ba4 Be7 42. Nc6 Bxh4 43. Nb4 Be7 44. Nd3 Bc8 45. f3 Kf8 46. Kf2 Kg7 47. Kg3 Kh6 48. f4 g5 49. fxg5+ Bxg5 50. Kf3 Be7 51. Nf2 Bb4 52. Bc2 Bc3 53. Nh3 Bd7 54. Bd3 Bb2 55. Be2 f6 56. exf6 e5 57. f7 Kg7 58. Ng5 exd4 59. exd4 Bxd4 60. Kf4 h4 61. Bf3 Bf6 62. Bxd5 Bxg5+ 63. Kxg5 h3 64. Kh4 h2 65. Kg3 h1Q 66. Bxh1 Kxf7 67. Bd5+ Ke7 68. Kf4 Kd6 69. Ke4 Kc5 70. Bf7 Bxb5 71. Ke3 Bc6 72. Kd2 b5 73. Kc3 Bf3 74. Kb2 Be2 75. Be8 b4 76. Ba4 Kc4 77. Bb3+ Kd4 78. Bc2 Bc4 79. Bb3 Bxb3 80. Kxb3 Kc5 81. Kb2 Kc4 82. Kc2 b3+ 83. Kb2 Kb4 84. Kb1 Kc3 85. Kc1 b2+ 86. Kb1 Kb3 1/2-1/2

[Event "AUT-chT2O 1819"]
[Site "Austria"]
[Date "2019.01.13"]
[Round "7.6"]
[White "Devine, Christopher"]
[Black "Peyrer, Konstantin"]
[Result "1/2-1/2"]
[WhiteElo "2088"]
[BlackElo "2149"]
[PlyCount "85"]
[EventDate "2018.10.06"]
[EventType "team-tourn"]
[EventRounds "11"]
[EventCountry "AUT"]
[SourceTitle "CBM 189 Extra"]
[Source "ChessBase"]
[SourceDate "2019.06.03"]
[SourceVersion "1"]
[SourceVersionDate "2019.06.03"]
[SourceQuality "1"]
[WhiteTeam "Tschaturanga"]
[BlackTeam "Wien Ottakring"]
[WhiteTeamCountry "AUT"]
[BlackTeamCountry "AUT"]

1. d4 Nf6 2. Nf3 g6 3. g3 Bg7 4. Bg2 0-0 5. 0-0 d5 6. c4 dxc4 7. Na3 c3 8. bxc3 c5 9. Nc4 Nc6 10. Nfe5 cxd4 11. Nxc6 bxc6 12. cxd4 Nd5 13. Bb2 Rb8 14. Rc1 Be6 15. Ba1 Bh6 16. e3 f6 17. Qa4 Rb5 18. Rb1 Qb8 19. Na3 Nb6 20. Rxb5 Nxa4 21. Rxb8 Rxb8 22. Bxc6 Nb6 23. Nb5 Rc8 24. Nxa7 Rc7 25. Rb1 Rxa7 26. Rxb6 Rxa2 27. Bb2 Bf8 28. Kg2 Ra5 29. e4 f5 30. d5 Bf7 31. Bc3 Ra3 32. Bb4 Rd3 33. exf5 gxf5 34. Rb8 Kg7 35. Rd8 Bh5 36. Bc5 Bf3+ 37. Kh3 Kf7 38. Be3 Bg7 39. Bg5 Bf6 40. Bxf6 Kxf6 41. Rf8+ Kg5 42. Rg8+ Kh5 43. Rg7 1/2-1/2

[Event "AUT-chT2O 1819"]
[Site "Austria"]
[Date "2018.11.04"]
[Round "4.3"]
[White "Devine, Christopher"]
[Black "Lipp, Alfred"]
[Result "1-0"]
[WhiteElo "2088"]
[BlackElo "1996"]
[PlyCount "69"]
[EventDate "2018.10.06"]
[EventType "team-tourn"]
[EventRounds "11"]
[EventCountry "AUT"]
[SourceTitle "CBM 187 Extra"]
[Source "ChessBase"]
[SourceDate "2018.11.04"]
[SourceVersion "1"]
[SourceVersionDate "2018.11.04"]
[SourceQuality "1"]
[WhiteTeam "Tschaturanga"]
[BlackTeam "Wiener Amateur CC "]
[WhiteTeamCountry "AUT"]
[BlackTeamCountry "AUT"]

1. d4 d5 2. Nf3 Nf6 3. g3 e6 4. Bg2 Be7 5. 0-0 0-0 6. c4 dxc4 7. Nc3 Nc6 8. e3 Nd5 9. Qe2 Nb6 10. Rd1 Bd7 11. Ne4 Qc8 12. Bd2 Rd8 13. Bc3 a5 14. Ned2 Nd5 15. Nxc4 Nxc3 16. bxc3 a4 17. Rab1 Ra7 18. e4 Re8 19. Qe3 Qa8 20. Qf4 Rc8 21. d5 Nd8 22. d6 cxd6 23. Nb6 e5 24. Qe3 Be6 25. Nxa8 Raxa8 26. a3 Ra6 27. Rb6 Rxb6 28. Qxb6 Rxc3 29. Qb5 Kf8 30. Qxa4 Bg4 31. Nxe5 Bxd1 32. Nd7+ Kg8 33. Qxd1 Rxa3 34. e5 Ra6 35. Bf1 1-0

[Event "AUT-chT2O 1819"]
[Site "Austria"]
[Date "2018.10.07"]
[Round "2.5"]
[White "Devine, Christopher"]
[Black "Pernerstorfer, Johannes"]
[Result "1/2-1/2"]
[WhiteElo "2088"]
[BlackElo "2008"]
[PlyCount "83"]
[EventDate "2018.10.06"]
[EventType "team-tourn"]
[EventRounds "11"]
[EventCountry "AUT"]
[SourceTitle "CBM 186 Extra"]
[Source "ChessBase"]
[SourceDate "2018.08.24"]
[SourceVersion "1"]
[SourceVersionDate "2018.08.24"]
[SourceQuality "1"]
[WhiteTeam "Tschaturanga"]
[BlackTeam "Austria"]
[WhiteTeamCountry "AUT"]
[BlackTeamCountry "AUT"]

1. d4 d5 2. Nf3 Nf6 3. c4 c6 4. g3 Bf5 5. Bg2 e6 6. 0-0 Bd6 7. Nc3 0-0 8. Bf4 Bxf4 9. gxf4 Nbd7 10. Ne5 Ne4 11. f3 Nxc3 12. bxc3 f6 13. Nxd7 Qxd7 14. e4 Bg6 15. Qb3 dxc4 16. Qxc4 Bf7 17. Qb4 Rfe8 18. Rfd1 Qc7 19. e5 b6 20. Qb2 c5 21. Rac1 Qc6 22. Qf2 Rac8 23. Qe3 Qa4 24. f5 fxe5 25. dxe5 exf5 26. f4 Re6 27. Kh1 Rce8 28. Bd5 Rg6 29. c4 Qxa2 30. Rd2 Qa4 31. Rcd1 Be6 32. Qf3 Bxd5 33. cxd5 Rg4 34. Rf1 g5 35. Rg2 Rxg2 36. Qxg2 Qe4 37. Qxe4 fxe4 38. Rg1 h6 39. h4 Kf7 40. hxg5 hxg5 41. Rxg5 c4 42. d6 1/2-1/2

[Event "AUT-chT2O 1819"]
[Site "Austria"]
[Date "2018.10.06"]
[Round "1.5"]
[White "Pichler, Andreas"]
[Black "Devine, Christopher"]
[Result "0-1"]
[WhiteElo "2071"]
[BlackElo "2088"]
[PlyCount "118"]
[EventDate "2018.10.06"]
[EventType "team-tourn"]
[EventRounds "11"]
[EventCountry "AUT"]
[SourceTitle "CBM 186 Extra"]
[Source "ChessBase"]
[SourceDate "2018.08.24"]
[SourceVersion "1"]
[SourceVersionDate "2018.08.24"]
[SourceQuality "1"]
[WhiteTeam "Donaustadt"]
[BlackTeam "Tschaturanga"]
[WhiteTeamCountry "AUT"]
[BlackTeamCountry "AUT"]

1. e4 d6 2. d4 Nf6 3. Nc3 g6 4. f4 Bg7 5. Nf3 c5 6. d5 0-0 7. Bd3 e6 8. 0-0 exd5 9. exd5 Na6 10. Bc4 Rb8 11. Nb5 Nc7 12. Nxa7 Bd7 13. Qd3 b5 14. Nxb5 Nxb5 15. a4 Nc7 16. Ra2 Bf5 17. Qd1 Be4 18. Nd2 Bxd5 19. Bxd5 Ncxd5 20. Nc4 Nb4 21. Ra3 d5 22. Ne5 Nd7 23. Nxd7 Qxd7 24. f5 Rb6 25. Raf3 Qxa4 26. f6 Bh8 27. b3 Qc6 28. g4 d4 29. g5 Nd5 30. Qe1 h5 31. Qe4 Qe6 32. Qh4 Re8 33. Qf2 Qe2 34. Ba3 Qxf2+ 35. R1xf2 Rc6 36. Bb2 Ree6 37. c3 Nxf6 38. gxf6 Bxf6 39. cxd4 cxd4 40. Rf4 Rcd6 41. Ba3 Ra6 42. Bb2 Red6 43. Re4 Kg7 44. Rd2 Ra2 45. Ree2 g5 46. Rd3 Kg6 47. Kg2 Re6 48. Rf2 Re4 49. h3 Ra6 50. b4 Rb6 51. Rdf3 g4 52. hxg4 hxg4 53. Rf4 Rxf4 54. Rxf4 Rxb4 55. Bc1 Rc4 56. Be3 Rc2+ 57. Bf2 Kg5 58. Re4 Kf5 59. Re1 Bh4 0-1

[Event "Leiden SB-ch"]
[Site "Leiden"]
[Date "2003.06.17"]
[Round "5"]
[White "Devine, Christopher"]
[Black "Compagnie, Luc G"]
[Result "0-1"]
[WhiteElo "1938"]
[BlackElo "2128"]
[PlyCount "70"]
[EventDate "2003.05.20"]
[EventType "swiss"]
[EventRounds "7"]
[EventCountry "NED"]
[SourceTitle "CBM 095 Extra"]
[Source "ChessBase"]
[SourceDate "2003.09.04"]
[SourceVersion "1"]
[SourceVersionDate "2003.09.04"]
[SourceQuality "1"]

1. d4 Nf6 2. c4 e6 3. Nf3 b6 4. a3 Bb7 5. Nc3 Be7 6. Qc2 d5 7. cxd5 exd5 8. Bf4 c6 9. g4 Nbd7 10. e3 Nf8 11. h3 Ng6 12. Bh2 Bd6 13. Bxd6 Qxd6 14. Bd3 0-0 15. g5 Nd7 16. 0-0-0 Rfc8 17. h4 Ndf8 18. h5 Ne7 19. Ne5 c5 20. Rdg1 cxd4 21. exd4 Nc6 22. g6 Nxe5 23. gxh7+ Kh8 24. dxe5 Qxe5 25. f4 Qxf4+ 26. Qd2 Qxd2+ 27. Kxd2 Nxh7 28. Rf1 Ng5 29. h6 d4 30. Nb5 Bxh1 31. Rxh1 Rd8 32. Rh5 gxh6 33. Rxh6+ Kg7 34. Rc6 Nf3+ 35. Ke2 Ne5 0-1

[Event "Leiden SB-ch"]
[Site "Leiden"]
[Date "2002.06.25"]
[Round "6"]
[White "Bakker, Sven"]
[Black "Devine, Christopher"]
[Result "1-0"]
[WhiteElo "2204"]
[BlackElo "1890"]
[PlyCount "91"]
[EventDate "2002.05.21"]
[EventType "swiss"]
[EventRounds "7"]
[EventCountry "NED"]
[SourceTitle "EXT 2003"]
[Source "ChessBase"]
[SourceDate "2002.11.25"]
[SourceVersion "1"]
[SourceVersionDate "2002.11.25"]
[SourceQuality "1"]

1. d4 Nf6 2. c4 g6 3. Nc3 Bg7 4. e4 d6 5. f3 0-0 6. Be3 Nc6 7. Nge2 e5 8. d5 Ne7 9. Qd2 Ne8 10. g4 f5 11. h3 Kh8 12. 0-0-0 Bd7 13. Kb1 Nf6 14. Nc1 Qe8 15. Bd3 a6 16. Nb3 b6 17. Qc2 Nfg8 18. Qd2 Qf7 19. Rdg1 Rab8 20. h4 h5 21. g5 c6 22. dxc6 Bxc6 23. Nd5 b5 24. Rd1 Nc8 25. Na5 Ba8 26. Bc2 Nge7 27. Nc7 Bb7 28. cxb5 axb5 29. Bb3 d5 30. exd5 Nd6 31. Bc5 Rfd8 32. Rhe1 f4 33. Ne6 Rd7 34. Nxb7 Rbxb7 35. Nxg7 Qxg7 36. Rxe5 Nef5 37. Re6 Nc4 38. Bxc4 bxc4 39. Bd4 Nxd4 40. Qxd4 Rb5 41. Qxg7+ Kxg7 42. Rc6 Rb4 43. d6 Kf7 44. Rc7 Ke6 45. Rxd7 Kxd7 46. Rd4 1-0